| 000 | 01541nac a22004217a 4500 | ||
|---|---|---|---|
| 001 | BR8101935 | ||
| 003 | BR-BrBNA | ||
| 005 | 20240105114946.0 | ||
| 008 | 230509b bl.|||m| |||| 00| 0 por d | ||
| 040 |
_aBR-BrBNA _bpor _cBiblioteca Nacional de Agricultura |
||
| 072 | _aF00; K10; F25 | ||
| 090 | _a1900 BR8101935 | ||
| 110 | 1 | _aFundacao Instituto Agronomico do Parana, Londrina (Brasil) | |
| 245 | 1 | _aManual agropecuario para o Parana [Fitotecnia; Producao florestal; Nutricao vegetal; Defesa vegetal; Planta forrageira; Sorgo; Mamona; Amendoim; Uva; Girassol; Brasil] | |
| 246 | 1 | _a[Parana agricultural and animal husbandry handbook [Phytotechny; Forest production; Plant nutrition; Plant protection; Forage plant; Sorghum; Castor bean; Peanut; Grapes; Sunflower; Brazil]] | |
| 260 | 3 |
_aLondrina, PR (Brasil): _c1980. |
|
| 300 | _a246 p. | ||
| 490 |
_aManual Agropecuario para o Parana - Fundacao Instituto Agronomico do Parana (Brazil) _vv. 3 _xISSN 0100-9400 |
||
| 500 | _a102 illus. | ||
| 650 | _aProducao vegetal | ||
| 650 | _aProducao florestal | ||
| 650 | _aFertilidade do solo | ||
| 650 | _aPlanta forrageira | ||
| 650 | _aZootecnia | ||
| 650 | _aSorgo | ||
| 650 | _aMamona | ||
| 650 | _aAmendoim | ||
| 650 | _aUva | ||
| 650 | _aGirassol | ||
| 650 | _aRecurso energetico | ||
| 650 | _aDefesa vegetal | ||
| 650 | _aPratica cultural | ||
| 650 | _aDoenca de planta | ||
| 650 | _aPraga de planta | ||
| 650 | _aParana | ||
| 909 |
_a202312 _bLúcia Elande _c55 _dLúcia Elande |
||
| 942 |
_2AGRIS _n0 _cMS |
||
| 999 |
_c272254 _d272254 |
||